| 000 | 02695nam0a2200421 i 4500 | ||
|---|---|---|---|
| 001 | RU\NLR\BIBL_A\010014239 | ||
| 005 | 20241114191333.0 | ||
| 010 |
_a9785762913690 _935 |
||
| 021 |
_aRU _b13-88818 |
||
| 035 | _a(NILC)RuMoRGB-006692386 | ||
| 035 | _a(NLR Aleph) 010014239 | ||
| 090 |
_a9868837 _c9868837 |
||
| 100 | _a20131213d2013 m y0rusy50 ca | ||
| 101 | 0 | _arus | |
| 102 | _aRU | ||
| 105 | _ay|||j|||000yy | ||
| 200 | 1 |
_aМоделирование процессов в вакууме и плазме _eучебное пособие _e[для студентов по направлению 210100.68 "Электроника и наноэлектроника", профиль 210153.68 "Вакуумные и плазменные приборы и устройства"] _fВ. Т. Барченко, А. А. Лисенков, Т. С. Павленко _gМинобрнауки России, Санкт-Петербургский гос. электротехнический ун-т "ЛЭТИ" |
|
| 210 |
_aСанкт-Петербург _cЛЭТИ _d2013 |
||
| 215 |
_a30, [2] с. _d21 |
||
| 225 | 1 |
_aУчебное пособие _eУП |
|
| 320 | _aБиблиогр. в конце кн. | ||
| 606 | 1 |
_aЭлектронные приборы _jУчебные издания для высших учебных заведений _xМатематическое моделирование _92285593 _3RU\NLR\AUTH\661369117 |
|
| 606 |
_aЭлектровакуумные приборы _jУчебные издания для высших учебных заведений _xПроектирование _91957717 _3RU\NLR\AUTH\661183498 |
||
| 606 |
_aПлазменная электроника _jУчебные издания для высших учебных заведений _92287701 _3RU\NLR\AUTH\661370266 |
||
| 606 |
_aПлазма _jУчебные издания для высших учебных заведений _xМатематическое моделирование _92231950 _3RU\NLR\AUTH\6601571977 |
||
| 610 | 0 | _aприборы вакуумной и плазменной электроники | |
| 610 | 0 | _aмоделирование процессов в вакууме и плазме | |
| 675 | _a533.9(075.8) | ||
| 686 | 1 | _aЗ85-01с116я73-1 | |
| 700 | 1 |
_aБарченко _bВ. Т. _gВладимир Тимофеевич |
|
| 701 | 1 |
_aЛисенков _bА. А. _gАлександр Аркадьевич |
|
| 701 | 1 |
_aПавленко _bТ. С. _gТатьяна Сергеевна |
|
| 801 | 0 |
_aRU _bRuMoRKP _c20131105 _gRCR |
|
| 801 | 2 |
_aRU _bРГБ _c20131125 _grcr |
|
| 942 | _cBOOK | ||
| 980 | _aNBR | ||